| 000 | 00738cam a2200217 4500 | ||
|---|---|---|---|
| 008 | 000000n1999 000 0 eng u | ||
| 020 | _a0112710719 | ||
| 035 | _a(Sirsi) u100036 | ||
| 041 | _aENG | ||
| 050 | _a346.41013 | ||
| 110 |
_aDepartment for Education and Employment _92846 |
||
| 245 | _aDisability Discrimination Act 1995; Code of practice; Duties of trade organisations to their disabled members and applicants. | ||
| 260 |
_aLondon _bStationery Office _c1999 |
||
| 300 | _a46p. ; 30cm. | ||
| 350 | _a9.95 | ||
| 650 | _aDISABILITY DISCRIMINATION ACT 1995 | ||
| 650 | _aDISABLED PEOPLE | ||
| 650 | _aMANAGEMENT-BUSINESS MANAGEMENT-DISCRIMINATION-DISABILITY DISCRIMINATION-ACCESSIBILITY | ||
| 690 | _aLAW | ||
| 942 | _n0 | ||
| 999 |
_c99560 _d99560 |
||